000 00540nam a22002050a 4500
001 PT32728
003 AR-LpoUNG
005 20210131230029.0
008 191001suuuu||||ag |||||||||||||||||spa d
040 _aAR-LpoUNG
_bspa
_cAR-LpoUNG
_eaacr
082 0 _aR903 358dic
100 1 _aBayle, Pierre
245 1 0 _aDiccionario histórico y crítico :
_bprimera antología
260 _as.l.
_bUBA,
_cs.f.
700 1 _aBahr, Fernando
_etr.
700 1 _aNenadic, Roxana
_etr.
700 1 _aPozzi, Martín
_etr.
905 _a32728
942 _cLSALA
999 _c953
_d953